| 000 | 00805nam a2200229 i 4500 | ||
|---|---|---|---|
| 001 | bg | ||
| 100 | 1 | _aST JOHN, Maggie-Jo | |
| 245 | 0 | 0 |
_aMarketing / _cMaggie-Jo St John. |
| 260 |
_aNew York [et al.] : _bPrentice Hall, _c1992. |
||
| 300 |
_aXII, 97 s. : _bfot., rys., wykr. ; _c24 cm + _ekaseta dźw. |
||
| 490 | 1 | _aPrentice Hall International English Language Teaching. Professional Reading Skills Series | |
| 650 | 9 |
_aMarketing _xsłownictwo |
|
| 650 | 9 |
_aJęzyk angielski _xpodręcznik dla cudzoziemców |
|
| 830 | 0 |
_aPrentice Hall International English Language Teaching. _pProfessional Reading Skills Series |
|
| 020 | _a0137200463 | ||
| 040 | _cBPK | ||
| 041 | 0 | _aen | |
| 080 | _a811.111(07):339.138 | ||
| 920 | _a0-13-720046-3 | ||
| 942 | _cKS | ||
| 008 | s pl f |000 0 pol | ||
| 999 |
_c32721 _d32721 |
||
| 856 |
_uhttp://koha.tu.koszalin.pl/cgi-bin/koha/opac-detail.pl?biblionumber=32721 _yKatalog online BPK |
||